From Caligari to Hitler (Record no. 87157)

MARC details
000 -LEADER
campo de control de longitud fija 00488nam a2200145 i 4500
001 - NÚMERO DE CONTROL
campo de control 87157
003 - IDENTIFICADOR DE NÚMERO DE CONTROL
campo de control ES-MaACL
007 - CAMPO FIJO DE DESCRIPCIÓN FÍSICA--INFORMACIÓN GENERAL
campo de control de longitud fija t|
008 - DATOS DE LONGITUD FIJA--INFORMACIÓN GENERAL
campo de control de longitud fija 041220s1971 xxu ||||1| eng d
100 1# - ENTRADA PRINCIPAL--NOMBRE DE PERSONA
Nombre de persona Kracauer, Siegfried.
9 (RLIN) 68692
245 10 - MENCIÓN DEL TÍTULO
Título From Caligari to Hitler
Resto del título : a psychological history of the german film /
Mención de responsabilidad, etc. by Siegfried Kracauer.
260 ## - PUBLICACIÓN, DISTRIBUCIÓN, ETC.
Lugar de publicación, distribución, etc. Princeton, New Jersey :
Nombre del editor, distribuidor, etc. University of Princeton,
Fecha de publicación, distribución, etc. [1971]
300 ## - DESCRIPCIÓN FÍSICA
Extensión XII, 361 p., 64 lám. ;
Dimensiones 21 cm.
852 ## - LOCALIZACIÓN
Ubicación ES-MaACL
Número de control de estantería E-5639
Sublocalización o colección R.89925
Holdings
Estatus retirado Estado de pérdida Estado de daño No para préstamo Biblioteca de origen Biblioteca actual Ubicación en estantería Fecha de adquisición Fuente de adquisición Total de préstamos Signatura topográfica completa Código de barras Visto por última vez Precio de reemplazo Tipo de ítem Koha
        Biblioteca del Ateneo de Madrid Biblioteca del Ateneo de Madrid Depósito 2 17/01/2008     E-5639 1091063 23/02/2023 23/02/2023 Libro impreso